Parliament. (Record no. 2253)
[ view plain ]
| 000 -LEADER | |
|---|---|
| fixed length control field | 00936cam a2200289 a 4500 |
| 001 - CONTROL NUMBER | |
| control field | 2516946 |
| 003 - CONTROL NUMBER IDENTIFIER | |
| control field | OSt |
| 005 - DATE AND TIME OF LATEST TRANSACTION | |
| control field | 20230621151345.0 |
| 008 - FIXED-LENGTH DATA ELEMENTS--GENERAL INFORMATION | |
| fixed length control field | 930322s1991 enkac b f000 0 eng |
| 010 ## - LIBRARY OF CONGRESS CONTROL NUMBER | |
| LC control number | 92233191 |
| 020 ## - INTERNATIONAL STANDARD BOOK NUMBER | |
| International Standard Book Number | 0117016314 (pbk.) : |
| Terms of availability | £6.00 |
| 040 ## - CATALOGING SOURCE | |
| Original cataloging agency | DLC |
| Transcribing agency | DLC |
| Modifying agency | DLC |
| 043 ## - GEOGRAPHIC AREA CODE | |
| Geographic area code | e-uk--- |
| 050 00 - LIBRARY OF CONGRESS CALL NUMBER | |
| Classification number | JN511 |
| Item number | .P37 1991 |
| 082 00 - DEWEY DECIMAL CLASSIFICATION NUMBER | |
| Classification number | 328.41/072 |
| Edition number | 20 |
| Item number | HMS |
| 245 00 - TITLE STATEMENT | |
| Title | Parliament. |
| 260 ## - PUBLICATION, DISTRIBUTION, ETC. (IMPRINT) | |
| Place of publication, distribution, etc. | London : |
| Name of publisher, distributor, etc. | HMSO, |
| Date of publication, distribution, etc. | 1991. |
| 300 ## - PHYSICAL DESCRIPTION | |
| Extent | 160 p. : |
| Other physical details | ill., ports. ; |
| Dimensions | 22 cm. |
| 440 #0 - SERIES STATEMENT/ADDED ENTRY--TITLE | |
| Title | Aspects of Britain |
| 504 ## - BIBLIOGRAPHY, ETC. NOTE | |
| Bibliography, etc | Includes bibliographical references (p. 157-160). |
| 610 10 - SUBJECT ADDED ENTRY--CORPORATE NAME | |
| Corporate name or jurisdiction name as entry element | Great Britain. |
| Subordinate unit | Parliament. |
| 610 20 - SUBJECT ADDED ENTRY--CORPORATE NAME | |
| Corporate name or jurisdiction name as entry element | Westminster Palace (London, England) |
| 710 1# - ADDED ENTRY--CORPORATE NAME | |
| Corporate name or jurisdiction name as entry element | Great Britain. |
| Subordinate unit | Central Office of Information. |
| -- | Reference Services. |
| 906 ## - LOCAL DATA ELEMENT F, LDF (RLIN) | |
| a | 7 |
| b | cbc |
| c | orignew |
| d | 2 |
| e | ncip |
| f | 19 |
| g | y-gencatlg |
| 942 ## - ADDED ENTRY ELEMENTS (KOHA) | |
| Source of classification or shelving scheme | Dewey Decimal Classification |
| Koha item type | Books |
| Withdrawn status | Lost status | Source of classification or shelving scheme | Damaged status | Not for loan | Home library | Current library | Date acquired | Total Checkouts | Full call number | Barcode | Date last seen | Price effective from | Koha item type |
|---|---|---|---|---|---|---|---|---|---|---|---|---|---|
| Dewey Decimal Classification | County Hall Archives | County Hall Archives | 06/21/2023 | 328.41/072 HMS | 10002323 | 06/21/2023 | 06/21/2023 | Books |
